Music Quiz

Random Music or Missing Word Quiz

Missing Word in Movies: Billboard Quiz Stats

 Plays Quiz not verified by Sporcle

Support Sporcle.
Go Orange.
Score 0/25 Timer 02:30
0 Plays Today
% Correct
Bill
93.2%
Hot
91.2%
Music
88.4%
Weeks
87.9%
Year
86%
Rock
81.9%
Week
75.4%
Singer
71.8%
USA
59.4%
Country
59.1%
Popular
58.1%
Board
55.2%
Parade
55.1%
% Correct
Radio
54%
Single
53%
Band
50.1%
Sale
40.2%
Song
39.7%
Tuesday
38.6%
Songs
37.4%
Hit
32.8%
Singles
28.6%
Pop
19.7%
100
16.8%
Track
16%

You're not logged in!

Compare scores with friends on all Sporcle quizzes.
OR
Log In

From the Vault

History by Headline

by Hejman

In 100 years, this is going to be history by tweet, isn't it?
Remove Ads.
Support Sporcle.
Get the best of Sporcle when you Go Orange. This ad-free experience offers more features, more stats, and more fun while also helping to support Sporcle. Thank you for becoming a member.

Show Comments

Extras

Top Quizzes Today


Score Distribution

Your Account Isn't Verified!

In order to create a playlist on Sporcle, you need to verify the email address you used during registration. Go to your Sporcle Settings to finish the process.

Report this User

Report this user for behavior that violates our Community Guidelines.

Details: